[Event "Isola del Sole op"]
[Site "Grado"]
[Date "2023.09.23"]
[Round "1"]
[White "Palma, Andrea"]
[Black "Sepehrkhoui, Ardeshir"]
[Result "1/2-1/2"]
[WhiteElo "1931"]
[BlackElo "2195"]
[PlyCount "112"]
[EventDate "2023.09.23"]
[EventType "swiss"]
[EventRounds "9"]
[EventCountry "ITA"]
[SourceTitle "EXT 2024"]
[Source "ChessBase"]
[SourceDate "2023.10.10"]
[SourceVersion "1"]
[SourceVersionDate "2023.10.10"]
[SourceQuality "1"]

1. d4 Nf6 2. Nc3 d5 3. Bf4 e6 4. Nb5 Na6 5. e3 c6 6. Nc3 Qb6 7. a3 c5 8. Be2 Bd7 9. Rb1 Bd6 10. Bxd6 Qxd6 11. Nf3 0-0 12. 0-0 Nc7 13. Ne5 a6 14. f4 b5 15. dxc5 Qxc5 16. Qd4 Qe7 17. Rf3 Rfd8 18. Rh3 a5 19. g4 b4 20. g5 bxc3 21. gxf6 Qxf6 22. Qxc3 Ne8 23. Bd3 g6 24. Qe1 Qg7 25. Qh4 f5 26. Qf2 Nf6 27. Qd2 Be8 28. b4 Qe7 29. Rf3 Rab8 30. c3 Bb5 31. Bxb5 Rxb5 32. Rff1 axb4 33. axb4 Rc8 34. Qd3 Rb7 35. b5 Qc5 36. Rfc1 Ng4 37. Nxg4 fxg4 38. Rb3 Rcb8 39. Rcb1 Kf7 40. Kf2 h5 41. Rb4 Rc8 42. R1b3 Ra8 43. Qd4 Ra2+ 44. Kg1 Qe7 45. Rb2 Ra8 46. Ra4 Rc8 47. b6 Qc5 48. Ra7 Rxa7 49. bxa7 Qxd4 50. exd4 Ra8 51. Ra2 Ke7 52. Kf2 h4 53. Ke3 Kf6 54. Ra5 Ke7 55. Ra6 Kd7 56. Kf2 Ke7 1/2-1/2